| 000 | 00492nam a2200169 a 4500 | ||
|---|---|---|---|
| 001 | 000046694 | ||
| 005 | 20201002053043.0 | ||
| 008 | 180319s2017 dr 000 spa d | ||
| 020 | _a9789945492941 | ||
| 040 |
_aDO-SdBNP _bspa _cBNPHU |
||
| 082 |
_axxx _bP57t |
||
| 100 | 1 |
_aPiña Adames, Lery Laura _974645 |
|
| 245 | 0 |
_aEn todos los relojes, tarde. / _cLery Laura Piña Adames. |
|
| 260 |
_aSanto Domingo : _bNacional, _c2017. |
||
| 300 |
_a74 p. ; _c21 cm. |
||
| 590 | _aInventariado,2018/DG | ||
| 999 |
_c46183 _d46183 |
||